000
00349nam a2200145Ia 4500
100
_a
Forouzan/ Behrouz/ A
942
_c
BK
654
_a
Computer
245
_a
Computer Science : Structured Programming Approach Using C
260
_b
Thomsan Learning
_c
2001
082
_a
5.113
_b
FOR/GIL
300
_a
900
546
_a
ENGLISH
999
_c
18254
_d
18254